| 000 | 00498nam a2200157Ia 4500 | ||
|---|---|---|---|
| 008 | 170221s9999 xx 000 0 und d | ||
| 100 | _aYujie Xia. | ||
| 245 | _aPAPR Reduction for OFDM/OQAM Signals Using Offset-Symbols Joint SLM Method | ||
| 245 | _cYujie Xia and Junjie Zhang. | ||
| 260 | _bJournal of Communications | ||
| 260 | _c2016 | ||
| 300 | _a11 : 11 | ||
| 650 | _xCommunication | ||
| 650 | _xMedia Arts | ||
| 856 | _uhttp://www.jocm.us/index.php?m=content&c=index&a=lists&catid=168 | ||
| 999 |
_c306860 _d306860 |
||